Consultation on reforms to the real estate investment trust (REIT) regime (Record no. 113785)
[ view plain ]
| 000 -LEADER | |
|---|---|
| fixed length control field | 01193cad a22002415a 4500 |
| 001 - CONTROL NUMBER | |
| control field | L155739 |
| 008 - FIXED-LENGTH DATA ELEMENTS--GENERAL INFORMATION | |
| fixed length control field | 120413s2012 xxk f 000 0 eng d |
| 020 ## - INTERNATIONAL STANDARD BOOK NUMBER | |
| International Standard Book Number | 9781845329617 |
| 035 ## - SYSTEM CONTROL NUMBER | |
| System control number | (Sirsi) u155739 |
| 041 0# - LANGUAGE CODE | |
| Language code of text/sound track or separate title | eng |
| 110 2# - MAIN ENTRY--CORPORATE NAME | |
| Corporate name or jurisdiction name as entry element | United Kingdom |
| Subordinate unit | HM Treasury |
| 245 00 - TITLE STATEMENT | |
| Title | Consultation on reforms to the real estate investment trust (REIT) regime |
| Remainder of title | A)to explore the potential role social housing REITs could play to support the social housing sector and B) to consider the tax treatment of REITs investing in REITs |
| Medium | [electronic resource] |
| 260 ## - PUBLICATION, DISTRIBUTION, ETC. | |
| Place of publication, distribution, etc. | London |
| Date of publication, distribution, etc. | |
| Name of publisher, distributor, etc. | HM Treasury |
| -- | 2012 |
| 520 ## - SUMMARY, ETC. | |
| Summary, etc. | A two part consultation on A) the role Real Estate Investment Trusts (REIT)s can play in supporting the social housing sector and B) the tax treatment of REITs investing in REITs |
| 520 ## - SUMMARY, ETC. | |
| Summary, etc. | Consultation closes 27 June 2012. |
| 590 ## - LOCAL NOTE (RLIN) | |
| Local note | KA NTK |
| 651 #4 - SUBJECT ADDED ENTRY--GEOGRAPHIC NAME | |
| Geographic name | UNITED KINGDOM |
| 690 ## - LOCAL SUBJECT ADDED ENTRY--TOPICAL TERM (OCLC, RLIN) | |
| Topical term or geographic name as entry element | Affordable housing |
| 9 (RLIN) | 6215 |
| 690 ## - LOCAL SUBJECT ADDED ENTRY--TOPICAL TERM (OCLC, RLIN) | |
| Topical term or geographic name as entry element | Finance and taxation |
| 710 1# - ADDED ENTRY--CORPORATE NAME | |
| Corporate name or jurisdiction name as entry element | United Kingdom |
| Subordinate unit | Department for Communities and Local Government |
| 9 (RLIN) | 4939 |
| 856 40 - ELECTRONIC LOCATION AND ACCESS | |
| Uniform Resource Identifier | <a href="https://www.hm-treasury.gov.uk/d/condoc_reforms_to_reit.pdf">https://www.hm-treasury.gov.uk/d/condoc_reforms_to_reit.pdf</a> |
| Public note | View the item free of charge at www.hm-treasury.gov.uk |
| 942 ## - ADDED ENTRY ELEMENTS (KOHA) | |
| Suppress in OPAC | 0 |
| Withdrawn status | Lost status | Source of classification or shelving scheme | Damaged status | Not for loan | Home library | Current library | Shelving location | Date acquired | Total Checkouts | Full call number | Barcode | Date last seen | Copy number | Price effective from | Koha item type |
|---|---|---|---|---|---|---|---|---|---|---|---|---|---|---|---|
| Dewey Decimal Classification | Virtual | Virtual | Online | 13/04/2012 | ONLINE PUBLICATION | 155739-2001 | 06/08/2019 | 1 | 06/08/2019 | Book |